000 00481nam a2200145Ia 4500
008 231129s2005||||xx |||||||||||||| ||spa||
020 _a968-7277-64-5
040 _bspa
082 _aM863 C961m
100 _aCuahtémoc Sanchez Carlos
245 0 _aMujeres en conquista: La novela que dignifica al género femenino y le brinda estrategias de victoria Carlos Cuauhtémoc Sanchez
260 _c2005
264 _aDiamante
942 _2ddc
_cBKS
999 _c21475
_d21475